| Поле | Инд. | ПП | Название | Значение |
|---|---|---|---|---|
| Тип записи | a | |||
| Библиографический уровень | m | |||
| 001 | Контрольный номер | RU\KNB\ek\197345 | ||
| 005 | Дата корректировки | 20150513112036.8 | ||
| 008 | Кодируемые данные | 081203s2007 |||| |||| ||| 1|rus u | ||
| 020 | a | ISBN | 978-5-8297-0038-6 | |
| 040 | a | Служба первич. каталог. | НБ ТвГУ | |
| 041 | a | Код языка текста | rus | |
| 080 | a | Индекс УДК | 159.922.736.2/3(075.8) | |
| 084 | a | Индекс другой классификации/Индекс ББК | Ю983.401я73-1 | |
| 090 | a | Полочн. индекс | Ю983.4 | |
| x | Авторский знак | Д 38 | ||
| 245 | a | Заглавие | Детская практическая психология | |
| b | Продолж. заглавия | учебник для студентов вузов, обучающихся по педагогическим специальностям | ||
| c | Ответственность | под ред. проф. Т. Д. Марцинковской | ||
| 260 | a | Место издания | Москва | |
| b | Издательство | Гардарики | ||
| c | Дата издания | 2007 | ||
| 300 | a | Объем | 253 с. | |
| 440 | 2 | 0 | ||
| a | Серия | Psychologia universalis | ||
| 504 | a | Библиография | Библиогр.: с. 162-167 | |
| 520 | a | Аннотация | В соответствии с государственным образовательным стандартом высшего профессионального образования второго поколения рассматриваются история детской практической психологии, организация психологической службы в детском дошкольном учреждении, особенности психического развития детей дошкольного возраста. Отражены разные стороны работы детских психологов: диагностика и коррекция психического развития детей, обращение с педагогами и родителями, оформление документации и рабочего места. | |
| Д | ля студентов высших учебных заведений, обучающихся по направлениям и специальностям "Психология", "Педагогика", "Дошкольная педагогика и психология", "Педагогика и методика дошкольного образования", "Специальная дошкольная педагогика и психология". Представляет интерес для практических психологов, работающих в образовательных учреждениях. | |||
| 653 | a | Ключевые слова | Детская психология | |
| a | Ключевые слова | Дошкольные учреждения | ||
| a | Ключевые слова | Дошкольный возраст | ||
| a | Ключевые слова | Практическая психология | ||
| a | Ключевые слова | Психология | ||
| a | Ключевые слова | Развитие детей | ||
| a | Ключевые слова | Учебники для вузов | ||
| 700 | 1_ | a | Другие авторы | Марцинковская Татьяна Давыдовна |
| q | Полное имя | Марцинковская, Т. Д. | ||
| 700 | 1_ | a | Другие авторы | Изотова Елена Ивановна |
| q | Полное имя | Изотова, Е. И. | ||
| 700 | 1_ | a | Другие авторы | Счастная Т. Н. |
| 700 | 1_ | a | Другие авторы | Смирнова Е. О. |
| 910 | a | гриф есть* | ||
| 920 | a | Оператор | Хохл | |
| 930 | a | Новая/Ретро | учебники | |
| 952 | c | Вид литературы | К ру | |
| 954 | a | Дата поступления на обработку | 20100621 |